Country Logic Puzzle by Scambigol #4 - borders with a Map - Statistics

General Stats
  • This quiz has been taken 2,915 times
  • The average score is 79 of 92
Answers on the Map
Answers color-coded by a green-red scale on the quiz's map according to % correct below.
 
Answer Stats
Country % Correct
Brazil
96%
Uruguay
96%
Chile
95%
Paraguay
95%
Peru
95%
Bolivia
94%
Germany
92%
Mexico
92%
Spain
91%
France
90%
Panama
90%
Guatemala
89%
Honduras
89%
Indonesia
89%
Norway
89%
Sweden
89%
Switzerland
89%
Austria
88%
Belarus
88%
China
88%
Costa Rica
88%
Czech Republic
88%
Italy
88%
Lithuania
88%
Malaysia
88%
Nicaragua
88%
North Korea
88%
Russia
88%
Slovakia
88%
South Africa
88%
Thailand
88%
Ukraine
88%
Cambodia
87%
Hungary
87%
India
87%
Oman
87%
Romania
87%
Saudi Arabia
87%
Algeria
86%
Croatia
86%
Egypt
86%
Georgia
86%
Iran
86%
Israel
86%
Laos
86%
Libya
86%
Morocco
86%
Myanmar
86%
Nigeria
86%
Pakistan
86%
Slovenia
86%
Turkey
86%
Yemen
86%
Afghanistan
85%
Azerbaijan
85%
Bulgaria
85%
Iraq
85%
Serbia
85%
Syria
85%
Tunisia
85%
Cameroon
84%
Central African Republic
84%
Chad
84%
Ethiopia
84%
Kazakhstan
84%
Kuwait
84%
Kyrgyzstan
84%
Mali
84%
Mozambique
84%
Namibia
84%
Niger
84%
Senegal
84%
Sudan
84%
Swaziland
84%
Tajikistan
84%
Zimbabwe
84%
Botswana
83%
Democratic Republic Of The Congo
83%
Guinea
83%
Burkina Faso
82%
Côte D'Ivoire
82%
Gabon
82%
Liberia
82%
Republic Of The Congo
82%
Sierra Leone
82%
Togo
82%
Kenya
79%
Malawi
79%
Rwanda
79%
Tanzania
79%
Uganda
79%
South Sudan
78%
No matching quizzes found
Score Distribution
Percent of People with Each Score
Percentile by Number Answered
Your Score History
You have not taken this quiz